=LDR 00000nam 2200000 4500 =001 000525 =005 20250710115759 =035 ##$$a 0010-0725000391 =007 ta =008 250710################a##########0#ind## =020 ##$$a 978-623-472-542-1 =082 ##$$a 398.209. 598 =084 ##$$a 398.209. 598 NIL k =100 #$$a Nilekani, Rohini =245 1#$$a Kacamata Nenek /$c Rohini Nilekani =250 ##$$a cetakan pertama =260 ##$$a Jakarta :$b badan pengembangan dan pembinaan bahasa,$c 2022 =300 ##$$a 20 hlm. : $b ilus. ; $c 22,9 cm$e 398.209. 598 =650 #4$$a Cerita Anak Indonesia =856 ##$$a TBM As Suhada =990 ##$$a TBM02820282